General Knowledge #3 - Statistics

General Stats
  • This quiz has been taken 55 times
  • The average score is 11 of 15
Answer Stats
Question Answer % Correct
What country gifted the U.S. with the Statue of Liberty? France
100%
Who painted the Mona Lisa? Leonardo Da Vinci
100%
How many oceans are there in the world? 5
96%
What is the smallest country in the world? Vatican City
96%
What does a C represent in Roman numerals? 100
93%
What is the largest state in the U.S.? Alaska
91%
Where does K Pop come from? South Korea
89%
What are preserved bones of extinct animals called? Fossils
87%
What is Batman’s real name? Bruce Wayne
78%
What do you call an area that receives 10 inches or less of rainfall per year? Desert
67%
How many Roman Caesars were there? 12
65%
What is the largest city in the world by population? Tokyo
52%
Who is credited with discovering America before Christopher Columbus? Leif Erikson
30%
What does Mario jump on after completing a level? Flagpole
26%
What do the stripes on the American Flag represent? First 13 colonies
2%
No matching quizzes found
Score Distribution
Percent of People with Each Score
Percentile by Number Answered
Your Score History
You have not taken this quiz